02920nam a22001577a 4500999001700000082001300017100006800030245008000098260003000178300000900208500229000217700004202507942001102549952010002560952010202660 c66491d66488 aR/IMS-19 aRind, Arif Ali a15MIEM01aSupervisor - Dr. Qadir Bakhsh Jamali aQuality Assessment of Casting Product Using Various Sand Moulding Processes aNawabshah:bQUEST,c2019. a45p. a ABSTRACT Casting defects can have a negative impact on a foundry's bottom line. At the simple level. they appear as rework costs or casting scrap costs. In many cases. however casting defects can be found at the machining level.during the assembly stage or during the part use. The resulting value added and maintenance costs may sometimes be passed on to the foundry by the customer. The most common foundry defects in three types of castings are discussed in .this section. Number of defective castings and styles of defective castings was observed during the year Sand inclusions and variables that can affect the source of sand inclusions have been given attention. During the wet moulding process the mould was placed in the room temperature and melted aluminum was poured into cavity. The casted product was very rough and having lot of defects due to the gas bubbles caused the cavities in the product surface. That material cannot be analyzed for the surface roughness test due to high defects. Total three readings of both processes were carried out. therefore for specimen of wet moulding (W I ) at I 0/ I 00 mm depth, have the maximum surface roughness value of 4.88 µm, whereas, at 20/200mm the surface roughness value was 8.21 µm. For specimen of wet moulding (W2) at 1Oi l 00 mm depth, have the maximum surface roughness value of 4.43 un, whereas, at 20/200mm the surface roughness value was 5.74 tm. The specimen of wet moulding (W3) at 10/ 100 mm depth, have the maximum surface roughness value of 5.46 tm, whereas, at 20/200mm the surface roughness value was 7.25 µm. Similarly, for specimen produced in dry moulding (DI) at I 0/100 mm depth, have the maximum surface roughness value of 2.63 lm, whereas. at 20/200mm the surface roughness value was 6.83 µm. Moreover, for specimen produced in dry moulding (02) at 1Oil 00 mm depth, have the maximum surface roughness value of 2.96 µm, whereas, at 20/200mm the surface roughness value was 7.14 µm. Finally, for specimen produced in dry moulding (03) at 10/100 mm depth. have the maximum surface roughness value of 7.66 tm, whereas, at 20/200mm the surface roughness value was 9.29 µm. It was found that the casting with dry sand moulding have good surface finishing value as compared to the wet sand moulding.  aDepartment of Mechanical Engineering  cTHESIS 00104070aRESEARCHbRESEARCHd2020-03-16l0oR/IMS-19pMP/56-714r2020-03-16 00:00:00yTHESIS 00104070aRESEARCHbRESEARCHd2024-01-05l0pMP/60-764r2024-01-05 00:00:00w2024-01-05yTHESIS